Statistics for Manchester United Squad 2023-24

Click here to take the quiz!

General Stats

  • This quiz has been taken 21 times
    (7 since last reset)
  • The average score is 26 of 35

Answer Stats

PositionPlayerNumber% Correct
DAaron Wan-Bissaka#29
100%
FAlejandro Garnacho#17
100%
GKAndre Onana#24
100%
MBruno Fernandes#8
100%
DHarry Maguire#5
100%
DLisandro Martinez#6
100%
FMarcus Rashford#10
100%
DRaphael Varane#19
100%
DVictor Lindelof#2
100%
MAmad Diallo#16
86%
FAnthony Martial#9
86%
FAntony#21
86%
MCasemiro#18
86%
DDiogo Dalot#20
86%
ManagerErik ten Hag
86%
FJadon Sancho#25
86%
MKobbie Mainoo#37
86%
DLuke Shaw#23
86%
FRasmus Hojlund#11
86%
GKTom Heaton#22
86%
DTyrell Malacia#12
86%
MHannibal Mejbri#46
71%
DJonny Evans#35
71%
MChristian Eriksen#14
57%
MDonny van de Beek#34
57%
MFacundo Pellistri#28
57%
MMason Mount#7
57%
MScott McTominay#39
57%
MSofyan Amrabat#4
43%
GKAltay Bayindir#1
29%
DAlvaro Fernandez#42
29%
DBrandon Williams#33
29%
DSergio Reguilon#15
29%
FShola Shoretire#47
29%
FMason GreenwoodN/A
14%

Score Distribution

Percentile by Number Answered

Percent of People with Each Score

Your Score History

You have not taken this quiz since the last reset